00349nam a2200145Ia 450000100060000000800410000602000180004704000130006508200160007810000190009424500630011326000090017630000110018554600070019612445140401s9999 xx 000 0 und d a0-7876-0478-x cPK-LaUMT a 609bSCH-B aSchlager, Neil aBreakdown : Deadly technological disasterscSchlager, Neil c1995 a254 p. aEN